Normal view
MARC view
Entry Meeting Name
001 - CONTROL NUMBER
- control field: 16721
003 - CONTROL NUMBER IDENTIFIER
- control field: OSt
005 - DATE AND TIME OF LATEST TRANSACTION
- control field: 20211105134055.0
008 - FIXED-LENGTH DATA ELEMENTS
- fixed length control field: 211105|| aca||aabn | a|a d
040 ## - CATALOGING SOURCE
- Original cataloging agency: OSt
- Transcribing agency: OSt
111 ## - HEADING--MEETING NAME
- Meeting name or jurisdiction name as entry element: International Astronomical Union Colloquium on Radio Recombination Lines, 25 Years of Investigation
- Number of part/section/meeting: 125th
- Location of meeting: Puschino, USSR
- Date of meeting or treaty signing: 1989 Sep. 11-16
670 ## - SOURCE DATA FOUND
- Source citation: Work cat.: (OSt): International Astronomical Union Colloquium on Radio Recombination Lines, 25 Years of Investigation 125th Puschino, USSR 1989 Sep. 11-16, Radio recombination lines, 1990